000 00540nam a2200169 i 4500
001 37497
003 ES-MaACL
005 20230906155603.0
007 t|
008 030311s1874 sp ||||1| spa d
100 1 _aCoello, Carlos.
_939456
245 1 0 _aRoque Guinart
_b: drama en tres actos y en verso /
_cCarlos Coello y Pacheco.
260 _aMadrid :
_b[s.n.,
_c1874?] (
_fImprenta de la Biblioteca de Instrucción y Recreo)
300 _aXXI, 132 p. ;
_c17 cm.
500 _aEn p. 132 consta el año 1874.
852 _aES-MaACL
_jD-341
999 _c37497
_d37497